Music Quiz

Random Music or Album Quiz

Britney Spears' Albums Quiz Stats

 Plays Quiz not verified by Sporcle

Challenge
Share
Tweet
Embed
Score 0/28 Timer 10:00
0 Plays Today
Year Of Release Album % Correct
2002...Baby One More Time & Oops... I Did It Again!
94.2%
2007In The Zone & Britney
94.2%
2013In The Zone & Circus
94.2%
1999...Baby One More Time
92.5%
2012Oops! I Did It Again: The Best of Britney Spears
92.3%
2000Oops!... I Did It Again
91%
2001Britney
91%
2010Circus & Blackout
90.4%
2012Femme Fatale & Circus
90.4%
2004Britney Spears: In The Zone
88.5%
2008Circus
88.1%
2003In The Zone
86.6%
2007Blackout
85.1%
2016Glory
85.1%
Year Of Release Album % Correct
2015Femme Fatale & Britney Jean
82.7%
2011Femme Fatale
82.1%
2013Britney Jean
80.6%
2000The Singles
61.5%
2005Britney & Kevin: Chaotic
50%
2005B in the Mix: The Remixes
48.1%
2004Greatest Hits: My Prerogative
48.1%
2009The Singles Collection
48.1%
2011B in the Mix: The Remixes Vol. 2
48.1%
2008Greatest Hits: My Prerogative & Live And More!
48.1%
2013The Essential Britney Spears
17.3%
2012Playlist: The Very Best of Britney Spears
11.5%
2005Key Cuts From Remixed
11.5%
2012Triple Feature
5.8%

You're not logged in!

Compare scores with friends on all Sporcle quizzes.
Join for Free
OR
Log In

You Might Also Like...

Show Comments

Extras

Top Quizzes Today


Score Distribution

Your Account Isn't Verified!

In order to create a playlist on Sporcle, you need to verify the email address you used during registration. Go to your Sporcle Settings to finish the process.

Report this User

Report this user for behavior that violates our Community Guidelines.

Details: